Guess the Artist of Album Covers - Statistics

General Stats
  • This quiz has been taken 363 times
  • The average score is 12 of 16
Answer Stats
Picture Answer % Correct
Drake
100%
Michael Jackson
99%
Taylor Swift
98%
Sabrina Carpenter
94%
Rihanna
92%
Ed Sheeran
87%
Tyler the Creator
82%
Kanye West
77%
Bruno Mars
76%
Travis Scott
74%
SZA
72%
Shawn Mendes
66%
Eminem
63%
Beyonce
53%
XXXTENTACION
53%
Lewis Capaldi
38%
No matching quizzes found
Score Distribution
Percent of People with Each Score
Percentile by Number Answered
Your Score History
You have not taken this quiz